01320agaaa2200277 45000010005000000030009000050050017000140070009000310080040000400400023000800410010001031000050001131300049001632450186002122500022003982600072004203000034004925080121005265110084006475200104007315380016008355460010008516500056008617000063009177000062009809207IT-RoPAU20220918181243.0d cvaizq50131s9999||||xx ||| | || ||und|| aIT-RoPAUcIT-RoPAU aRUSSO aTarkovskij AndrejgCodice regista SPICS: 1652 aANDREI ROUBLEV (CON SOTTOTITOLI IN FRANCESE) aANDREI ROUBLEV (CON SOTTOTITOLI IN FRANCESE)cProdotto da: Mosfilm Diretto da: Tarkovskij AndrejpANDREI ROUBLEV (CON SOTTOTITOLI IN FRANCESE) (Rif. Codice opera principale : 79207) aEdizione Standard a(URSS)bMOSFILM / g"1969 (1° ed.: 1989 ; Ed. Lingua Orig.: 1969)" aVHSbsonoro, col.c186 minuti a"Fotografia: Jusov Vadim; Montaggio: Fejghinova Egoryceva; Musica: Ovcinnikov Viaceslav; Scenografia: Cernjaev E.; " a"Solonicyn Anatolij; Lapikov Ivan; Grinko Nikolaj; Sergheev Nikolaj; Raus Irma" aALTRI-INTERPRETI: ANDREJ-MICHALKOV-KONCALOVSKIJ ANDREJ-TERKOVSKIJVEDI ANCHE 9960/76450 E 9960/79208 aPAL, STEREO aRUSSO aDRAMMATICOeFILMS [VHS]xCodice MATERIA SPICS: 9960 aOvcinnikov Viaceslave(musica)gCodice Musica SPICS: 26929 aTarkovskij Andrej e(regista)gCodice regista SPICS: 1652